Tvorba interaktívnej multimediálnej aplikácie v platforme Microsoft Silverlight diplomová práca

Uložené v:
Podrobná bibliografia
Hlavný autor: Kobza, Tomáš
Korporativný autor: Fakulta hospodárskej informatiky EU. Katedra aplikovanej informatiky
Ďalší autori: Cárachová, Magdaléna
Médium: Kniha
Jazyk:Slovak
Vydavateľské údaje: Bratislava 2014
Tagy: Pridať tag
Žiadne tagy, Buďte prvý, kto otaguje tento záznam!

MARC

LEADER 00000nbm a2200000 4500
001 0188800
005 20170201113330.5
041 0 |a slo 
044 |a SK 
245 1 0 |a Tvorba interaktívnej multimediálnej aplikácie v platforme Microsoft Silverlight  |b diplomová práca  |c Tomáš Kobza ; školiteľ: Magdaléna Cárachová 
264 1 |a Bratislava  |c 2014 
300 |a 70 s. 
100 1 |a Kobza, Tomáš 
700 1 |a Cárachová, Magdaléna 
710 2 |a Fakulta hospodárskej informatiky EU. Katedra aplikovanej informatiky